000 01409cam a2200349 a 4500
001 13309424
003 OSt
005 20240621110507.0
008 030812s2003 enka b 001 0 eng
010 _a 2003273215
015 _aGBA3-Z7092
020 _a0521819962
020 _a0521526272 (PBK.)
035 _a(OCoLC)ocm51271707
040 _aUKM
_cmust
_dC#P
_dDLC
042 _alccopycat
050 0 0 _aQA300
_b.C614 2003
082 0 0 _a515 COH 2003
_222
100 1 _aCohen, Graeme Laurence.
_917559
245 1 2 _aA course in modern analysis and its applications /
_cGraeme L. Cohen.
260 _aCambridge ;
_aNew York :
_bCambridge University Press,
_c2003.
300 _axiii, 333 p. :
_bill. ;
_c23 cm.
440 0 _aAustralian Mathematical Society lecture series ;
_v17
_917009
504 _aIncludes bibliographical references (p. 309-311) and index.
650 0 _aMathematical analysis.
_92757
856 4 1 _3Sample text
_uhttp://www.loc.gov/catdir/samples/cam034/2003273215.html
856 4 2 _3Publisher description
_uhttp://www.loc.gov/catdir/description/cam032/2003273215.html
856 4 1 _3Table of contents
_uhttp://www.loc.gov/catdir/toc/cam032/2003273215.html
906 _a7
_bcbc
_ccopycat
_d3
_encip
_f20
_gy-gencatlg
942 _2ddc
_cO_SHELF
999 _c8687
_d8687